| 000 | 01677cam a22003251i 4500 | ||
|---|---|---|---|
| 003 | SA-RiAUC | ||
| 005 | 20241225150633.0 | ||
| 008 | 241221s1988 ii g 000 0cara c | ||
| 040 |
_aSA-JeALM _bara _cSA-RiAUC _erda |
||
| 043 | _aa-iq--- | ||
| 082 | 0 | 4 | _a956.721 |
| 090 | _a956.721 ا ب ن ن | ||
| 100 | 1 |
_aابن النجار، محمد بن محمود بن الحسن، _d578-643 هجري _eمؤلف. |
|
| 245 | 1 | 2 |
_aالمستفاد من ذيل تاريخ بغداد / _cمحب الله أبو عبد الله محمد بن محمود بن الحسن بن هبة الله بن محاسن البغدادي بن النجار ؛ انتقاء أبي الحسين شهاب الدين أحمد بن أيبك بن عبد الله ؛ حققه وعلق عليه وقدم له قيصر أبو فرح دي-فل. |
| 264 | 1 |
_aبيروت : _bدار الكتب العلمية، _c[1988] |
|
| 300 |
_aمجلد ؛ _c24 سم. |
||
| 336 |
_aنص _btxt _2rdacontent _3كتاب |
||
| 337 |
_aبدون وسيط _bn _2rdamedia |
||
| 338 |
_aمجلد _bnc _2rdacarrier |
||
| 651 | 7 |
_aبغداد (العراق) _xتاريخ _2aucsh |
|
| 651 | 7 |
_aبغداد (العراق) _vتراجم _2aucsh |
|
| 700 | 1 |
_aابن أيبك، أحمد بن أيبك بن عبد الله، _d700-749 هجري _eجامع. |
|
| 700 | 1 |
_aدي-فل، قيصر أبو فرح _eمحقق. |
|
| 700 | 1 | 2 |
_aالخطيب البغدادي، أحمد بن علي بن ثابت، _d392-463 هجري |
| 740 | 0 | 2 | _aذيل تاريخ بغداد. |
| 740 | 0 | 2 | _aتاريخ بغداد، أو، مدينة السلام. |
| 740 | 0 | 2 | _aمدينة السلام. |
| 942 |
_2ddc _cBOOK _n0 |
||
| 949 |
_aSA-JeALM _d241221 _uosman123 _n1 |
||
| 999 |
_c3968 _d3968 |
||